Great Western Railway stations - Statistics

General Stats
  • This quiz has been taken 463 times
    375 since last reset
  • The average score is 115 of 272
Answer Stats
Answer % Correct
Reading
95%
London Paddington
93%
Bristol Temple Meads
88%
Penzance
83%
Taunton
83%
Bath Spa
81%
Exeter St Davids
81%
Plymouth
79%
St Ives
79%
Bristol Parkway
78%
Swindon
77%
Cardiff Central
76%
Maidenhead
76%
Slough
76%
Swansea
76%
Newport
75%
Didcot Parkway
74%
Basingstoke
73%
Oxford
72%
Henley-on-Thames
70%
Marlow
70%
Weston-super-Mare
70%
Chippenham
68%
Ealing Broadway
67%
Exeter Central
67%
Torquay
66%
Cheltenham Spa
65%
Gloucester
65%
Portsmouth Harbour
64%
Salisbury
64%
Truro
63%
Eastleigh
62%
Paignton
62%
Par
62%
Tiverton Parkway
62%
Weymouth
62%
Exmouth
61%
Looe
61%
Newbury
61%
Southampton Central
61%
Twyford
61%
Greenford
60%
Hayes & Harlington
60%
Westbury
60%
West Ealing
60%
Burnham
59%
Iver
59%
Keynsham
59%
Severn Beach
59%
Severn Tunnel Junction
59%
Taplow
59%
Dawlish
58%
Gatwick Airport
58%
Newton Abbot
58%
Reading West
57%
St Erth
57%
Ash
56%
Hereford
56%
Port Talbot Parkway
56%
West Drayton
56%
Windsor & Eton Central
56%
Portsmouth & Southsea
55%
Redhill
55%
Southall
55%
Bodmin Parkway
54%
Exeter St Thomas
54%
Totnes
54%
Filton Abbey Wood
53%
Frome
53%
Liskeard
53%
Neath
53%
Banbury
52%
Barnstaple
52%
Guildford
51%
Langley
51%
Redruth
51%
Trowbridge
51%
Yate
51%
Bridgend
50%
Camborne
50%
Castle Cary
50%
Dawlish Warren
50%
Oldfield Park
50%
Pangbourne
50%
St Austell
50%
Worcester Shrub Hill
50%
Bridgwater
49%
Ivybridge
49%
Teignmouth
49%
Warminster
49%
Worcester Foregate Street
49%
Bedminster
48%
Carmarthen
48%
Avonmouth
47%
Nailsea & Backwell
47%
Saltash
47%
Tilehurst
47%
Yatton
47%
Yeovil Pen Mill
47%
Okehampton
46%
Stroud
46%
Worle
46%
Bradford-on-Avon
45%
Fratton
45%
Goring & Streatley
45%
Great Malvern
45%
Highbridge & Burnham
45%
Patchway
45%
Reading Green Park
45%
Southampton Airport Parkway
45%
Wokingham
45%
Cholsey
44%
Fareham
44%
Honiton
44%
Newbury Racecourse
44%
Pembroke
44%
Worcestershire Parkway
44%
Ashchurch for Tewkesbury
43%
Bourne End
43%
Newquay
43%
Romsey
43%
Torre
43%
Dorchester West
42%
Hayle
42%
Hungerford
42%
Reigate
42%
Starcross
42%
Weston Milton
42%
Falmouth Docks
41%
Llanelli
41%
Malvern Link
41%
Pewsey
41%
Pilning
41%
Stapleton Road
41%
Bruton
40%
Falmouth Town
40%
Avoncliff
39%
Axminster
39%
Cosham
39%
Dorking Deepdene
39%
Lawrence Hill
39%
Parson Street
39%
St Germans
39%
Thatcham
39%
Crediton
38%
Evesham
38%
Farnborough North
38%
Kemble
38%
Montpelier
38%
St James' Park
38%
Theale
38%
Upwey
38%
Cam & Dursley
37%
Clifton Down
37%
Melksham
37%
Moreton-in-Marsh
37%
Winnersh
37%
Appleford
36%
Bedwyn
36%
Lostwithiel
36%
Lympstone Commando
36%
Mortimer
36%
Pembroke Dock
36%
Radley
36%
Bramley
35%
Carbis Bay
35%
Freshford
35%
Honeybourne
35%
Ledbury
35%
Marsh Barton
35%
Stonehouse
35%
Lympstone Village
34%
South Greenford
34%
Ashley Down
33%
Dilton Marsh
33%
Dorking West
33%
Kingham
33%
St Budeaux Ferry Road
33%
Aldermaston
32%
Castle Bar Park
32%
Cookham
32%
Coombe Junction Halt
32%
Devonport
32%
North Camp
32%
Penryn
32%
Portway Park & Ride
32%
St Andrews Road
32%
St Budeaux Victoria Road
32%
Topsham
32%
Dockyard
31%
Gunnislake
31%
Lelant
31%
Pinhoe
31%
Chetnole
30%
Drayton Green
30%
Exton
30%
Furze Platt
30%
Lelant Saltings
30%
Maiden Newton
30%
Pershore
30%
Redland
30%
Shalford
30%
Tenby
30%
Blackwater
29%
Kintbury
29%
Shirehampton
29%
St Keyne Wishing Well Halt
29%
Bere Alston
28%
Charlbury
28%
Culham
28%
Feniton
28%
Kings Sutton
28%
Midgham
28%
Wargrave
28%
Yetminster
28%
Botley
27%
Colwall
27%
Hedge End
27%
Keyham
27%
Menheniot
27%
Portsmouth Arms
27%
Sandhurst
27%
Sea Mills
27%
Shiplake
27%
Cranbrook
26%
Digby & Sowton
26%
Hanborough
26%
Pembrey & Burry Port
26%
Portchester
26%
Bere Ferrers
25%
Calstock
25%
Eggesford
25%
Thornford
25%
Polsloe Bridge
24%
Wanborough
24%
Ascott-under-Wychwood
23%
Newton St Cyres
23%
Perranwell
23%
Umberleigh
23%
Combe
22%
Crowthorne
22%
Ferryside
22%
Gomshall
22%
Kidwelly
22%
Penmere
22%
Quintrell Downs
22%
Roche
22%
Shipton
22%
Betchworth
21%
Heyford
21%
Narberth
21%
Newcourt
21%
Saundersfoot
21%
Yeoford
21%
Bugle
20%
St Columb Road
20%
Tackley
20%
Causeland
19%
Chilworth
19%
Copplestone
19%
Finstock
19%
Luxulyan
19%
Manorbier
19%
Morchard Road
19%
Sandplace
19%
Whitland
19%
Lapford
18%
Chapelton
17%
Kings Nympton
16%
Lamphey
16%
Penally
16%
Kilgetty
15%
No matching quizzes found
Score Distribution
Percent of People with Each Score
Percentile by Number Answered
Your Score History
You have not taken this quiz since the last reset